12 Great George Street (Record no. 74830)
[ view plain ]
| 000 -LEADER | |
|---|---|
| fixed length control field | 00944cam a2200217 4500 |
| 001 - CONTROL NUMBER | |
| control field | X128867 |
| 008 - FIXED-LENGTH DATA ELEMENTS--GENERAL INFORMATION | |
| fixed length control field | 050222n1981 000 0 eng u |
| 035 ## - SYSTEM CONTROL NUMBER | |
| System control number | (Sirsi) u128867 |
| 100 ## - MAIN ENTRY--PERSONAL NAME | |
| Personal name | Lever, Jill |
| 245 ## - TITLE STATEMENT | |
| Title | 12 Great George Street |
| Remainder of title | why choose Waterhouse? |
| 260 ## - PUBLICATION, DISTRIBUTION, ETC. | |
| Date of publication, distribution, etc. | 1981 |
| 490 ## - SERIES STATEMENT | |
| Series statement | Chartered Surveyor |
| Volume/sequential designation | Charter Centenary Supplement September 1981, 35-40(5) |
| 520 ## - SUMMARY, ETC. | |
| Summary, etc. | Outlines the reasons behind the assessors decision for selecting Alfred Waterhouse, from a limited competition of six architects, to design the Surveyors Institution headquarters at 12 Great George Street. The article also considers the building's construction and later extensions by Paul Waterhouse and the Rolfe Judd Group. Illustrations, plans and references. |
| 590 ## - LOCAL NOTE (RLIN) | |
| Local note | GGS |
| 650 ## - SUBJECT ADDED ENTRY--TOPICAL TERM | |
| Topical term or geographic name entry element | 12 GREAT GEORGE STREET |
| 650 ## - SUBJECT ADDED ENTRY--TOPICAL TERM | |
| Topical term or geographic name entry element | ALFRED WATERHOUSE |
| 650 ## - SUBJECT ADDED ENTRY--TOPICAL TERM | |
| Topical term or geographic name entry element | PAUL WATERHOUSE |
| 650 ## - SUBJECT ADDED ENTRY--TOPICAL TERM | |
| Topical term or geographic name entry element | ROLFE JUDD GROUP |
| 690 ## - LOCAL SUBJECT ADDED ENTRY--TOPICAL TERM (OCLC, RLIN) | |
| Topical term or geographic name as entry element | RICS NEWS |
| 942 ## - ADDED ENTRY ELEMENTS (KOHA) | |
| Suppress in OPAC | 0 |
| Withdrawn status | Lost status | Source of classification or shelving scheme | Damaged status | Not for loan | Home library | Current library | Shelving location | Date acquired | Total Checkouts | Full call number | Barcode | Date last seen | Copy number | Price effective from | Koha item type |
|---|---|---|---|---|---|---|---|---|---|---|---|---|---|---|---|
| Dewey Decimal Classification | London | London | Journal article | 22/02/2005 | X128867 | 128867-1001 | 06/08/2019 | 1 | 06/08/2019 | Journal article |